Statistiques concernant Décembre

Cliquez ici pour prendre le quiz!

Statistiques générales

  • Ce quiz a été pris 72 fois
  • Le résultat moyen est 8 sur 12

Statistiques - réponses

QuestionsRéponses% Correct
Il y a __ jours dans le mois de décembre .31
100%
Le 25 décembre, on célèbre ____.Noël
99%
Dans les calendriers grégoriens et julien décembre est le ______ mois de l’année.Douzième
96%
Le période avant Noël est nommé l’______. Les jeunes enfants ouvrent chaque jour une case de leur calendrier et il y trouvent des petit jouets ou des chocolats.Avent
90%
Le 21 décembre débute l’______.Hiver
88%
Le 31 décembre, on célèbre le réveillon de la Saint ________.Sylvestre
82%
Le nom décembre vient du latin decem signifiant, en français, ____. Ce nom est dû au fait qu’avant l’apparition du calendrier julien, il n’y avait que dix mois dans l’année. Cela indique donc la place du mois de septembre dans les anciens calendriers sachant que l’année commençait en mars.Dix
69%
Le ______ est la couleur du mois de décembre.Bleu
66%
Le narcisse paperwhite et le ______ sont les plantes associées au mois de décembre.Houx
25%
Le 06 décembre, on célèbre la Saint _______.Nicholas
22%
Le dicton du mois de décembre est « Décembre aux pieds blancs s’en vient ; An de _____ est an de bien. ».Neige
13%
La ______, les lapis-lazuli, le zircon bleu et la tanzanite sont les pierres associées au mois de décembre.Turquoise
4%

Distribution des résultats

Percentile par nombre de réponses

% des personnes avec chaque résultat

Votre développement - résultats

Vous n’avez pas pris ce quiz